00615nas a2200265 4500000000100000008004100001260001300042653001000055653002900065653001000094653001100104653002900115653001200144653000900156653002800165100002000193700001500213700001200228700001100240700001600251245005200267300000900319490000700328022001400335 1978 d c1978 Mar10aAdult10aAutonomic Nervous System10aHeart10aHumans10aHypotension, Orthostatic10aleprosy10aMale10aNervous System Diseases1 aRadhakrishnan K1 aShenoy K T1 aKumar B1 aKaur S1 aKhattri H N00aOrthostatic hypotension in lepromatous leprosy. a25-70 v26 a0028-3886